| 000 | nam a22 7a 4500 | ||
|---|---|---|---|
| 999 |
_c232469 _d232469 |
||
| 003 | Nust | ||
| 005 | 20170218133238.0 | ||
| 008 | 170218b xxu||||| |||| 00| 0 eng d | ||
| 020 |
_a8184080816 _cRs. 295 |
||
| 040 | _cNust | ||
| 082 |
_a823 _bHAM |
||
| 245 |
_aScandianvian: _bSwedish, Danish & Norwegian masters / _cEdited by J. A. Hammerton |
||
| 260 |
_aNew Delhi: _bIndiana, _c2000 |
||
| 300 | _a388 p. | ||
| 650 | _aEnglish Literature | ||
| 942 |
_2ddc _cBK |
||